Vobrácení Ferdiša Fókala : [humoristický román] /

Hlavní autor: Obrovský, Jakub, 1882-1949
Jazyk: Čeština
Vydáno: Praha : Alois Hynek, 1947
Edice: Český humor (Alois Hynek)
Externí odkaz: Digitalizovaný dokument
Fyzický popis: 356 s. : il.
Knihy
Uloženo v:
LEADER 00950nam a22002412a 4500
001 000128135
003 CZ BrMZK
005 20241015100516.0
007 ta
008 010907s1947 xr a f 000 0 cze
015 |a cnb000669031 
040 |a BOA001  |b cze 
100 1 |a Obrovský, Jakub,  |d 1882-1949  |7 jk01090914  |4 aut  |4 ill 
245 1 0 |a Vobrácení Ferdiša Fókala :  |b [humoristický román] /  |c Jakub Obrovský ; [ilustroval a obálku navrhl autor] 
260 |a Praha :  |b Alois Hynek,  |c 1947 
300 |a 356 s. :  |b il. 
490 1 |a Český humor ;  |v sv. 9 
500 |a Dostupné též v digitální podobě v aplikaci Kramerius 
830 0 |a Český humor (Alois Hynek)  |0 s 
856 4 1 |u http://www.digitalniknihovna.cz/mzk/uuid/uuid:27272970-6af1-11e7-aab4-005056827e52  |y Digitalizovaný dokument  |x NDK 
910 |a BOA001  |b 2-0186.417,9 
990 |a BK 
996 6 |b 2619973388  |c 2-0186.417,9  |l MZK  |r Sklad / do 24 hodin  |n 14  |w 000128135  |u 000010  |a 1  |e BOA001  |j MZK50  |s P